Giáo trình Toán cao cấp I: Dành cho ngành cử nhân giáo dục Tiểu học- hệ đào tạo tại chức từ xa
Trình bày những cơ sở của lý thuyết tập hợp; Những cơ sở logic toán. Đề cập đến phép toán đại sô; lý thuyết nhóm, vành và trường
Đã lưu trong:
| Tác giả chính: | |
|---|---|
| Định dạng: | Sách |
| Năm xuất bản: |
H.
Giáo dục
1997
|
| Chủ đề: | |
| Tags: |
Thêm thẻ
Không có thẻ, Hãy là người đầu tiên gắn thẻ bản ghi này!
|
| LEADER | 00842nam a2200169 4500 | ||
|---|---|---|---|
| 999 | |c 4786 |d 4786 | ||
| 082 | |a 510 |b TR120D | ||
| 100 | |a Trần Diên Hiển | ||
| 245 | |a Giáo trình Toán cao cấp I: |c Trần Diên Hiển, Nguyễn Văn Ngọc |b Dành cho ngành cử nhân giáo dục Tiểu học- hệ đào tạo tại chức từ xa | ||
| 260 | |a H. |b Giáo dục |c 1997 | ||
| 300 | |a 193 tr. |c 30 cm | ||
| 520 | |a Trình bày những cơ sở của lý thuyết tập hợp; Những cơ sở logic toán. Đề cập đến phép toán đại sô; lý thuyết nhóm, vành và trường | ||
| 653 | |a Toán học | ||
| 653 | |a Toán cao cấp | ||
| 653 | |a Giáo trình | ||
| 942 | |2 ddc |c SH | ||
| 952 | |0 0 |1 0 |2 ddc |4 0 |6 510_000000000000000_TR120D |7 0 |8 500 |9 45058 |a qbu |b qbu |c D3 |d 2014-12-20 |g 16300 |l 1 |o 510 TR120D |p 2666.c1 |r 2017-11-03 |s 2017-11-01 |w 2014-12-20 |y SH | ||